Mechanics of materials (Record no. 65457)

000 -LEADER
fixed length control field 00868nam a22002177a 4500
003 - CONTROL NUMBER IDENTIFIER
control field NUST-PNEC
005 - DATE AND TIME OF LATEST TRANSACTION
control field 20170116180916.0
008 - FIXED-LENGTH DATA ELEMENTS--GENERAL INFORMATION
fixed length control field 140517b xxu||||| |||| 00| 0 eng d
020 ## - INTERNATIONAL STANDARD BOOK NUMBER
International Standard Book Number 9789332518605
040 ## - CATALOGING SOURCE
Transcribing agency LIBRARY
082 ## - DEWEY DECIMAL CLASSIFICATION NUMBER
Classification number 620.112 HIB
100 ## - MAIN ENTRY--PERSONAL NAME
9 (RLIN) 3
Personal name Hibbler R.C
245 ## - TITLE STATEMENT
Title Mechanics of materials
Statement of responsibility, etc. R.C. Hibbeler
250 ## - EDITION STATEMENT
Edition statement 9th ed.
260 ## - PUBLICATION, DISTRIBUTION, ETC.
Place of publication, distribution, etc. New Dehli
Name of publisher, distributor, etc. Pearson Education by Dorling Kindersley (India)
Date of publication, distribution, etc. c.2014
300 ## - PHYSICAL DESCRIPTION
Extent 876 p. :
Other physical details ill. :
Dimensions 25 cm.
500 ## - GENERAL NOTE
General note Includes Index http://www.amazon.com/Mechanics-Materials-Hibbeler-International-Economy/dp/9332518602/ref=sr_1_1?s=books&ie=UTF8&qid=1400319309&sr=1-1&keywords=9789332518605
650 ## - SUBJECT ADDED ENTRY--TOPICAL TERM
General subdivision ME
856 ## - ELECTRONIC LOCATION AND ACCESS
Uniform Resource Identifier <a href="http://www.amazon.com/Mechanics-Materials-Russell-C-Hibbeler/dp/9332518602/ref=sr_1_1?s=books&ie=UTF8&qid=1454483084&sr=1-1&keywords=9789332518605">http://www.amazon.com/Mechanics-Materials-Russell-C-Hibbeler/dp/9332518602/ref=sr_1_1?s=books&ie=UTF8&qid=1454483084&sr=1-1&keywords=9789332518605</a>
942 ## - ADDED ENTRY ELEMENTS (KOHA)
Source of classification or shelving scheme
Koha item type Book
Holdings
Withdrawn status Lost status Source of classification or shelving scheme Damaged status Not for loan Permanent Location Current Location Shelving location Date acquired Total Checkouts Full call number Barcode Date last seen Date last checked out Price effective from Koha item type Source of acquisition Cost, normal purchase price Cost, replacement price
          Pakistan Navy Engineering College (PNEC) Pakistan Navy Engineering College (PNEC)     1 620.112 HIB PNECLIB-017984 02/11/2016 02/11/2016   Book      
          Pakistan Navy Engineering College (PNEC) Pakistan Navy Engineering College (PNEC)   12/07/2015   620.112 HIB PNECLIB-032644 02/03/2016   12/07/2015 Book Paramount Books / Lib Grant 1219.24 1219.24
© 2023 Central Library, National University of Sciences and Technology. All Rights Reserved.